| 000 | 01686cam a22003853a 4500 | ||
|---|---|---|---|
| 001 | 0000708 | ||
| 003 | DO-SdBNP | ||
| 005 | 20171110113449.0 | ||
| 007 | 0000708 | ||
| 008 | 861112 2011 sp ac 000 0 spa d | ||
| 010 | _a | ||
| 020 | _a842671370x (Marcombo) | ||
| 020 | _a9788496334120(Altamar) | ||
| 040 |
_aBPMSU _cspa _dBPMSU _d |
||
| 082 | 4 |
_a621.3 _bE38c |
|
| 100 | 1 | _aGómez Papasseit, Ramón | |
| 245 | 1 | 0 |
_aCalidad / _cRamón Gómez Papasseit, Joan Ognasi Moliné Boixareu, Albert Barbany Hurtado ; ilustraciones Ernest Hermoso, Pol Creuheras Borda |
| 260 |
_aBarcelona : _bLexus, _c2011. |
||
| 300 |
_a119 p. : _bil., _c31 cm. |
||
| 490 | 1 | _aElectricidad y electrónica / CFGM instalaciones eléctricas y automáticas | |
| 500 | _aSe utilizó cutter de la serie para reunir la colección en la estantería | ||
| 505 |
_tIntroducción a la calidad -- _tInfraestructura de la calidad -- _tEl sistema de gestión de la calidad -- _tTécnicas de control de la calidad, herramientas y técnicas estadísticas -- _tTécnicas de control de la calidad, técnicas gráficas y creativas -- _tSistema de los costes totales de la calidad -- |
||
| 600 |
_a _x |
||
| 650 | 4 | _aCALIDAD | |
| 650 | 4 | _aCONTROL DE CALIDAD | |
| 700 | 1 | 2 | _aMoliné Boixareu, Joan Ignasi |
| 700 | 1 | 2 | _aBarbany Hurtado, Albert |
| 700 | 1 | 2 |
_aHermoso, Ernest _eil. |
| 700 | 1 | 2 |
_aCreuheras Borda, Pol _eil. |
| 830 | _aSe utilizó cutter de la serie para reunir la colección en la estantería | ||
| 910 | _aSe utilizó cutter de la serie para reunir la colección en la estantería | ||
| 942 |
_2ddc _cBK |
||
| 945 | _aInvetariado extranjerov / 2017 VM | ||
| 956 |
_2YLOCKWARD _310 _8BPMSU |
||
| 999 |
_c11519 _d11519 |
||